| 000 | 01152cam a2200313 a 4500 | ||
|---|---|---|---|
| 001 | 000003086 | ||
| 003 | DO-SdBNP | ||
| 005 | 20210802085148.0 | ||
| 008 | 970318s1995 ve a b 001 e spa | ||
| 020 | _a9802532622 | ||
| 040 |
_aDO-SdBNP _cBNPHU _bspa |
||
| 082 |
_aV864.44 _bC314r |
||
| 100 | 1 |
_aCarrera, Liduvina _99733 |
|
| 245 | 1 | 0 |
_aReflexiones de lozanía : _bcinco ensayos de crítica literaria / _cLiduvina Carrera ; editor, Alvaro Trujillo, Luis Lacave, Rafael León, José Pietrángelo, César Uzcátegui Mantilla, Luis Lares. |
| 260 |
_aVenezuela : _bFondo Toromaina, _c1995. |
||
| 300 |
_a75 p. : _bil. ; _c21 cm. |
||
| 490 | 1 | _aDalmacia | |
| 504 | _aIncluye referencias bibliográficas y notas al pie de las páginas | ||
| 650 | 1 | 4 |
_aEnsayos venezolanos _94376 |
| 650 | 1 | 4 |
_aCrítica literaria _xEnsayos _99734 |
| 700 | 1 |
_aTrujillo, Alvaro _eed. _99735 |
|
| 700 | 1 |
_aLacave, Luis. _eed. _99736 |
|
| 700 | 1 |
_aLeón, Rafael. _eed. _99737 |
|
| 700 | 1 |
_aPietrángelo, José _eed. _99738 |
|
| 700 | 1 |
_aUzcátegui Mantilla, César. _d1965- _eed. _99739 |
|
| 700 | 1 |
_aLares, Luis. _eed. _99740 |
|
| 830 | 0 |
_aDalmacia _99741 |
|
| 942 |
_2ddc _cLBS1 |
||
| 999 |
_c2917 _d2917 |
||